[Event "Red Deer op"]
[Site "Red Deer"]
[Date "2013.01.26"]
[Round "2"]
[White "Taranik, Alexey"]
[Black "Daher, Nayef"]
[Result "1/2-1/2"]
[WhiteElo "1466"]
[BlackElo "1804"]
[PlyCount "76"]
[EventDate "2013.01.26"]
[EventType "swiss"]
[EventRounds "5"]
[EventCountry "CAN"]
[SourceTitle "EXT 2022"]
[Source "ChessBase"]
[SourceDate "2021.10.06"]
[SourceVersion "1"]
[SourceVersionDate "2021.10.06"]
[SourceQuality "1"]

1. Nf3 d5 2. c4 dxc4 3. Na3 Nc6 4. Nxc4 Qd5 5. d3 Bg4 6. Ne3 Qh5 7. Nxg4 Qxg4 8. Qb3 Qb4+ 9. Bd2 Qxb3 10. axb3 e6 11. g3 Bd6 12. Bg2 Nge7 13. 0-0 0-0 14. Rfe1 Nd5 15. Kf1 Rfd8 16. Bc3 a5 17. Nd4 Ncb4 18. Nb5 c6 19. Nxd6 Rxd6 20. Bxd5 Nxd5 21. Rxa5 Rdd8 22. Rea1 Rxa5 23. Rxa5 Nxc3 24. bxc3 g6 25. h4 f5 26. Ra7 Rd7 27. b4 Kf7 28. Ke1 Ke7 29. Kd2 Kd6 30. c4 Kc7 31. Kc3 Kb6 32. Ra5 Kc7 33. e3 Kd6 34. Ra7 Ke5 35. f3 Kf6 36. f4 h6 37. d4 g5 38. hxg5+ hxg5 1/2-1/2